Berühmte Schwaben - Statistiken

Allgemein
  • Dieses Quiz wurde 100 mal gespielt
  • Das Durchschnittsergebnis liegt bei 9 aus 13
Antwortstatistiken
Hinweis Antwort % Korrekt
Ein deutscher Physiker. Er gilt als einer der bedeutendsten theoretischen Physiker der Wissenschaftsgeschichte. Die Relativitätstheorie, machte ihn weltberühmt. Albert Einstein
98%
Ein ehemaliger deutscher Fußballspieler und heutiger Trainer vom FC Liverpool Jürgen Klopp
93%
Ehemaliger deutscher Fußballspieler, -trainer und -funktionär. Deutscher Nationaltrainer 2004-2006. Jürgen Klinsmann
81%
Er gilt als einer der bedeutendsten deutschen Dramatiker, Lyriker und Essayisten. Werke: Wilhelm Tell, Die Räuber, Kabale und Liebe Friedrich Schiller
80%
Eine deutsche Widerstandskämpferin gegen den Nationalsozialismus. Sie wurde aufgrund ihres Engagements in der Widerstandsgruppe Weiße Rose von nationalsozialistischen Richtern zum Tode verurteilt. Sophie Scholl
80%
Er konstruierte das erste lenkbare Luftschiff Ferdinand Graf von Zeppelin
78%
Ein deutscher Ingenieur, Konstrukteur und Industrieller. Er entwickelte das erste vierrädrige Kraftfahrzeug mit Verbrennungsmotor. Gottlieb Daimler
73%
Eine Hip-Hop-Gruppe aus Stuttgart. Die Fantastischen Vier
72%
Ein deutscher Politiker und von 1966 bis 1969 dritter Bundeskanzler der Bundesrepublik Deutschland. Kurt Georg Kiesinger
70%
Ein deutscher Schauspieler, Kabarettist, Kolumnist, Entertainer, Schriftsteller und Fernsehmoderator. Bekannt wurde er vor allem durch seine Late-Night-Shows, die er zwischen 1995 und 2014 präsentierte. Harald Schmidt
66%
Ein deutscher Offizier der Wehrmacht. Er wurde eine der zentralen Persönlichkeiten des militärischen Widerstandes gegen den Nationalsozialismus. Attentat in der Wolfschanze. Claus Schenk Graf von Stauffenberg
64%
Ein deutscher Astronom, Physiker, Mathematiker und Naturphilosoph. Er entdeckte die Gesetzmäßigkeiten, nach denen sich Planeten um die Sonne bewegen. Johannes Kepler
45%
Ein Philosoph, der als wichtigster Vertreter des deutschen Idealismus gilt. Die Welt ist Geist. Georg Wilhem Friedrich Hegel
24%
Keine übereinstimmenden Quizze gefunden
Verteilung der Resultate
Anzahl Personen mit jedem Resultat
Perzentil nach korrekt beantworteten Fragen
Ihre Resultats-Entwicklung
Sie haben dieses Quiz noch nicht gespielt